María (Record no. 160541)

MARC details
000 -LEADER
campo de control de longitud fija 01023nam a22002295i 4500
001 - NÚMERO DE CONTROL
campo de control 160541
003 - IDENTIFICADOR DE NÚMERO DE CONTROL
campo de control ES-MaACL
005 - FECHA Y HORA DE LA ÚLTIMA TRANSACCIÓN
campo de control 20250726220147.0
008 - DATOS DE LONGITUD FIJA--INFORMACIÓN GENERAL
campo de control de longitud fija 000406s1875 sp |||| | spa d
040 ## - FUENTE DE CATALOGACIÓN
Centro catalogador/agencia de origen CAM
Lengua de catalogación spa
Centro/agencia transcriptor CAM
100 1# - ENTRADA PRINCIPAL--NOMBRE DE PERSONA
Nombre de persona Navarro, Calisto.
9 (RLIN) 130413
245 10 - MENCIÓN DEL TÍTULO
Título María
Resto del título : zarzuela en dos actos y en verso /
Mención de responsabilidad, etc. original de Calisto Navarro ; música de Tomás Bretón y Bernardino Valle.
260 ## - PUBLICACIÓN, DISTRIBUCIÓN, ETC.
Lugar de publicación, distribución, etc. Madrid :
Nombre del editor, distribuidor, etc. [Administración lírico-dramática],
Fecha de publicación, distribución, etc. 1875 (
Fabricante Imprenta de Pedro Abienzo)
300 ## - DESCRIPCIÓN FÍSICA
Extensión 63 p. ;
Dimensiones 20 cm.
500 ## - NOTA GENERAL
Nota general En port.: Estrenada en Madrid en el Teatro Romea, la noche del 6 de octubre de 1875.
500 ## - NOTA GENERAL
Nota general Solo la letra.
596 ## - NOTA AL PIE DE IMPRENTA
NOTA AL PIE DE IMPRENTA Ed. tomado de la cub.
700 1# - ENTRADA AGREGADA--NOMBRE PERSONAL
Nombre de persona Valle, Bernardino.
9 (RLIN) 133515
700 1# - ENTRADA AGREGADA--NOMBRE PERSONAL
Nombre de persona Bretón, Tomás,
Fechas asociadas al nombre 1850-1923
9 (RLIN) 31633
852 ## - LOCALIZACIÓN
Ubicación ES-MaACL
Número de control de estantería F-8578(7)
Nota libre -- Enc. pasta española
condición física -- Falto de la cub. original
Nota libre -- Enc. en un vol. facticio formando parte de la col. facticia Teatro español moderno, vol. 31
Holdings
Estatus retirado Estado de pérdida Estado de daño No para préstamo Colección Biblioteca de origen Biblioteca actual Ubicación en estantería Fecha de adquisición Total de préstamos Signatura topográfica completa Código de barras Visto por última vez Precio de reemplazo Tipo de ítem Koha
        Libros del s. XIX Biblioteca del Ateneo de Madrid Biblioteca del Ateneo de Madrid Sala Pecera Planta 2 17/01/2008   F-8578(7) 1168097 23/02/2023 23/02/2023 Libro impreso antiguo